Rocket League Exotic Wheels - Statistics

General Stats
  • This quiz has been taken 2,766 times
    1,950 since last reset
  • The average score is 6 of 10
Answer Stats
Hint Answer % Correct
CC4 Zomba
95%
CC1 Looper
64%
Turbo Kalos
61%
CC2 Lobo
61%
CC3 Discotheque
59%
CC2 Lightning
59%
Turbo Roulette
59%
CC1 Photon
58%
CC3 Pulsus
56%
CC4 ARA-51
54%
No matching quizzes found
Score Distribution
Percent of People with Each Score
Percentile by Number Answered
Your Score History
You have not taken this quiz since the last reset